| 000 | 02224nam0a2200361 4500 | ||
|---|---|---|---|
| 001 | RU\NLR\BIBL_A\011825195 | ||
| 005 | 20181112123927.0 | ||
| 010 |
_a978-5-94622-851-0 _9500 |
||
| 021 |
_aRU _bКН-П-18-070202 _9КН-П-18-5043 |
||
| 035 | _a(NLR Aleph) 011825195 | ||
| 035 | _a(RuMoRGB)009749628 | ||
| 090 |
_a11981530 _c11981530 |
||
| 100 | _a20181016d2018 u y0rusy50 ca | ||
| 101 | 0 | _arus | |
| 102 | _aRU | ||
| 105 | _aa j 000zy | ||
| 200 | 1 |
_aМетодические приемы применения восстановительных средств в подготовке высококвалифицированных футболистов _eучебное пособие _fВ. М. Биткин, О. Г. Савченко _gМинистерство науки и высшего образования Российской Федерации, Федеральное государственное бюджетное образовательное учреждение высшего образования "Самарский государственный экономический университет" |
|
| 210 |
_aСамара _cФГБОУ ВО "Самарский государственный экономический университет" _d2018 |
||
| 215 |
_a95 с. _cил., табл. _d21 |
||
| 225 | 1 | _aУчебная литература для вузов | |
| 320 | _aБиблиогр.: с. 81-95 (216 назв.) | ||
| 606 | 1 |
_aФутбол _jУчебные издания _xВлияние на организм _91288567 _3RU\NLR\AUTH\66214747 |
|
| 606 | 1 |
_aФутболисты _jУчебные издания _xРаботоспособность _xВосстановление _xВлияние сауны _92384319 _3RU\NLR\AUTH\6601643140 |
|
| 610 | 0 | _aвосстановительные средства в футболе | |
| 686 | 1 | _aЧ515.780.4я7 | |
| 686 | 1 | _aЧ515.780.76я7 | |
| 700 | 1 |
_aБиткин _bВ. М. _gВалерий Михайлович. |
|
| 701 | 1 |
_aСавченко _bО. Г. _gОлег Григорьевич. |
|
| 942 | _cBOOK | ||
| 980 | _aNBR | ||
| 980 | _aNB | ||